00354nam a2200145Ia 4500008004100000020001500041041001200056082001600068100001600084245004200100260002800142300000800170650001600178700001400194221030s9999 xx 000 0 und d a8172247907 aEnglish a105.23bLap aP. Laplante 0aUsing Unixcby P. Laplante, R. Martin bJaico PubaMumbaic1999 a225 aBE Computer aR. Martin